| 000 | 01508cam a22003857a 4500 | ||
|---|---|---|---|
| 003 | CHAP | ||
| 005 | 20220329142317.0 | ||
| 008 | 000607d2000 mx r 00110 spa d | ||
| 010 | _a81434 | ||
| 011 | _a82406 | ||
| 035 | _a92899 | ||
| 040 | _cCHAP | ||
| 090 | _aTesis | ||
| 100 | 0 | 0 |
_aOntiveros Cortés, Analí. _983335 |
| 245 | 1 | 0 |
_aEstudio anatómico de la raíz y algunos aspectos fisiológicos del vástago en tres variedades de frijol (Phaseolus vulgaris L.) bajo déficit hídrico _c/por Analí Ontiveros Cortés y Rodolfo Reynol Ramírez Viscaino |
| 260 |
_aChapingo, Méx. : _bEl autor, _c2000. |
||
| 300 |
_a81 h. : _bilus. ; gráfs. ; cuadros |
||
| 502 | _aTesis (Ing. Agr. Esp. en Fitotecnia) -- UACH. Departamento de Fitotecnia | ||
| 590 |
_aALEPH _b10 _c20130110 _lUCH01 _h1436 |
||
| 590 |
_aBATCH-UPD _b10 _c20130110 _lUCH01 _h0411 |
||
| 590 |
_aBATCH-UPD _b10 _c20130410 _lUCH01 _h0045 |
||
| 590 |
_aBATCH-UPD _b10 _c20130410 _lUCH01 _h1548 |
||
| 590 |
_aBATCH-UPD _b10 _c20130914 _lUCH01 _h1443 |
||
| 590 |
_aCONVERSION _b10 _c20130109 _lUCH01 _h1345 |
||
| 650 | 1 | 4 |
_aFrijol _xEfecto de las sequías. _943363 |
| 650 | 1 | 4 |
_aFrijol _xFisiología y morfología. _943380 |
| 650 | 1 | 4 |
_aFrijol _xVariedades. _943446 |
| 650 | 1 | 4 |
_aRaíces _xAnatomía. _994671 |
| 700 | 0 |
_aRamírez Viscaino, Rodolfo Reynol. _994336 |
|
| 901 | _aBK | ||
| 905 | _aGuadalupe Pinto C. | ||
| 942 | _cFOLL | ||
| 949 |
_bBC _cTES _d33724000782272 _eTS2 _fc.2 _h36435 _i92899 _si |
||
| 949 |
_bBC _cTES _d928991 _eTS1 _h36434 _i92899 _sb |
||
| 999 |
_c81434 _d81434 |
||